[Event "Havana Giraldilla op"]
[Site "Havana"]
[Date "2024.08.13"]
[Round "4"]
[White "Ricardo Perez, Josue Marcelo"]
[Black "Munoz Pena, Diego Alejandro"]
[Result "1-0"]
[WhiteElo "2010"]
[BlackElo "1793"]
[PlyCount "36"]
[EventDate "2024.08.12"]
[EventType "swiss"]
[EventRounds "9"]
[EventCountry "CUB"]
[SourceTitle "CBM 221 Extra"]
[Source "ChessBase"]
[SourceDate "2024.09.30"]
[SourceVersion "1"]
[SourceVersionDate "2024.09.30"]
[SourceQuality "1"]

1. e4 c5 2. Nf3 Nc6 3. Bb5 g6 4. Bxc6 dxc6 5. h3 Bg7 6. 0-0 Nf6 7. d3 0-0 8. Nc3 Nd7 9. Be3 b6 10. a4 a5 11. Qd2 Ne5 12. Nh2 Re8 13. f4 Nd7 14. Qf2 Nf8 15. f5 Bd4 16. fxg6 Bxe3 17. gxf7+ Kh8 18. Qxe3 Ng6 1-0